000 00630nam a2200253 a 4500
001 nice12345678
003 IN_TiNIC
005 20260116014047.0
008 100406s2009 graa grp 000 0 eng
020 _a0801027586
_c930
082 0 0 _a296.09
_bBOC
100 _aBockmuehl, Markus
245 _aJewish Law in Gentile Churches
260 _aGrand Rapids
_bBaker Book House
_c2009
300 _a314p
500 _aincludes index and biblioraphy
505 2 _abiblio
650 _aJudaism-History
650 _aJudaism-Law
700 1 _aBockmuehl, Markus
902 _bSRS
942 _cBK
999 _c13697
_d13697